GINA KAMINSKI Saves the Wolf / (Record no. 203900)

MARC details
000 -LEADER
fixed length control field 01432nam a2200301 i 4500
003 - CONTROL NUMBER IDENTIFIER
control field OSt
005 - DATE AND TIME OF LATEST TRANSACTION
control field 20260419110216.0
008 - FIXED-LENGTH DATA ELEMENTS--GENERAL INFORMATION
fixed length control field 240419t20242023enka ar 000 1 eng d
020 ## - INTERNATIONAL STANDARD BOOK NUMBER
International Standard Book Number 9781801045018
Terms of availability RM 98.90
Qualifying information paperback
040 ## - CATALOGING SOURCE
Original cataloging agency PPAK
Language of cataloging eng
Transcribing agency PPAK
Description conventions rda
082 04 - DEWEY DECIMAL CLASSIFICATION NUMBER
Edition number 23
Classification number 823.92
090 00 - LOCALLY ASSIGNED LC-TYPE CALL NUMBER (OCLC); LOCAL CALL NUMBER (RLIN)
Classification number (OCLC) (R) ; Classification number, CALL (RLIN) (NR) 823.92
Feature heading GRE
Feature heading K
100 1# - MAIN ENTRY--PERSONAL NAME
Personal name Green, Craig,
Relator term author.
245 10 - TITLE STATEMENT
Title GINA KAMINSKI Saves the Wolf /
Statement of responsibility, etc. Craig Barr-Green, Francis Martin.
264 #1 - PRODUCTION, PUBLICATION, DISTRIBUTION, MANUFACTURE, AND COPYRIGHT NOTICE
Place of production, publication, distribution, manufacture London :
Name of producer, publisher, distributor, manufacturer Little Tiger,
Date of production, publication, distribution, manufacture, or copyright notice 2024
Date of production, publication, distribution, manufacture, or copyright notice ©2023.
300 ## - PHYSICAL DESCRIPTION
Extent 30 unnumbered pages :
Other physical details colour illustrations ;
Dimensions 28 cm
336 ## - CONTENT TYPE
Content type term text
Source rdacontent
337 ## - MEDIA TYPE
Media type term unmediated
Source rdamedia
338 ## - CARRIER TYPE
Carrier type term volume
Source rdacarrier
520 ## - SUMMARY, ETC.
Summary, etc. Gina Kaminski is here to tell you three facts. 1 - Little Red Riding Hood is full of big mistakes. 2 - She is off to fairy tale land to fix them. 3 - She will save the wolf. Who's afraid of the big bad wolf? Certainly not Gina as she takes the narrative lead and tells the story in her own distinctive way. An empowering retelling of Little Red Riding Hood about challenging the traditional narratives we are told, with a confident, autistic character at its heart.
650 10 - SUBJECT ADDED ENTRY--TOPICAL TERM
Topical term or geographic name entry element Little Red Riding Hood (Tale)
Form subdivision Juvenile fiction.
Topical term or geographic name entry element Wolves
Form subdivision Juvenile fiction
Topical term or geographic name entry element Emojis
Form subdivision Juvenile fiction
655 #7 - INDEX TERM--GENRE/FORM
Genre/form data or focus term Picture books.
700 1# - ADDED ENTRY--PERSONAL NAME
Personal name Martin, Francis,
Relator term author,
-- illustrator.
942 ## - ADDED ENTRY ELEMENTS (KOHA)
Source of classification or shelving scheme Dewey Decimal Classification
Koha item type Book
Holdings
Withdrawn Not for loan Current library Shelving location Date acquired Total Checkouts Full call number Barcode Date last seen Koha item type
    Perpustakaan Alor Setar Pinjaman Kanak-kanak 26/04/2026   K 823.92 GRE A01915144 26/04/2026 Book
    Perpustakaan Awam Sungai Petani Pinjaman Kanak-kanak 26/04/2026   K 823.92 GRE A01915145 26/04/2026 Book
    Perpustakaan Jitra Pinjaman Kanak-kanak 26/04/2026   K 823.92 GRE A01915146 26/04/2026 Book
    Perpustakaan Kulim Pinjaman Kanak-kanak 26/04/2026   K 823.92 GRE A01915148 26/04/2026 Book
    Perpustakaan Langkawi Pinjaman Kanak-kanak 26/04/2026   K 823.92 GRE A01915147 26/04/2026 Book